Simulácie podnikových procesov diplomová práca

Guardado en:
Detalles Bibliográficos
Autor principal: Hrašková, Miroslava
Autor Corporativo: Fakulta hospodárskej informatiky EU. Katedra operačného výskumu a ekonometrie
Otros Autores: Reiff, Marian, 1978-
Formato: Libro
Lenguaje:eslovaco
Publicado: Bratislava 2010
Etiquetas: Agregar Etiqueta
Sin Etiquetas, Sea el primero en etiquetar este registro!

MARC

LEADER 00000nam a2200000 4500
001 0118705
005 20240318123424.2
041 0 |a slo 
044 |a SK 
245 1 0 |a Simulácie podnikových procesov  |b diplomová práca  |c Miroslava Hrašková ; škol. Marian Reiff 
264 1 |a Bratislava  |c 2010 
300 |a 62 s. 
100 1 |a Hrašková, Miroslava 
700 1 |a Reiff, Marian, 1978- 
710 2 |a Fakulta hospodárskej informatiky EU. Katedra operačného výskumu a ekonometrie